000 00525nam a2200181Ia 4500
005 20250508153427.0
008 008 250505s9999 xx 000 0 eng d
037 _aBooks to be hide in OPAC
040 _aFEDL
_beng
_cFEDL
041 _aeng
_2eng
084 _a371.426 7, INS/O
_qFEDL
245 0 _aStudy on the training of skilled craftsman: Working papers, V 1
260 _c1963
300 _a95p
490 _aA D HOC manpower study
942 _cHB
_h371.426 7, INS/O
999 _c1342787
_d1342787